<?xml version="1.0" encoding="UTF-8"?>
<record
    xmlns:xsi="http://www.w3.org/2001/XMLSchema-instance"
    xsi:schemaLocation="http://www.loc.gov/MARC21/slim http://www.loc.gov/standards/marcxml/schema/MARC21slim.xsd"
    xmlns="http://www.loc.gov/MARC21/slim">

  <leader>00229nam a22001097a 4500</leader>
  <datafield tag="040" ind1=" " ind2=" ">
    <subfield code="c">DLC</subfield>
  </datafield>
  <datafield tag="082" ind1=" " ind2=" ">
    <subfield code="a">MRC THE 2013 C336 Or.</subfield>
  </datafield>
  <datafield tag="245" ind1=" " ind2=" ">
    <subfield code="a">THE BDP STORY</subfield>
  </datafield>
  <datafield tag="260" ind1=" " ind2=" ">
    <subfield code="a">Phnom Penh</subfield>
    <subfield code="b">RUA</subfield>
    <subfield code="c">2013</subfield>
  </datafield>
  <datafield tag="300" ind1=" " ind2=" ">
    <subfield code="a">52P</subfield>
    <subfield code="c">24CM</subfield>
  </datafield>
  <datafield tag="942" ind1=" " ind2=" ">
    <subfield code="c">AEDBB</subfield>
  </datafield>
  <datafield tag="999" ind1=" " ind2=" ">
    <subfield code="c">22058</subfield>
    <subfield code="d">22058</subfield>
  </datafield>
  <datafield tag="952" ind1=" " ind2=" ">
    <subfield code="0">0</subfield>
    <subfield code="1">0</subfield>
    <subfield code="4">0</subfield>
    <subfield code="6">MRC_THE_2013_000000000000000_C336_OR</subfield>
    <subfield code="7">0</subfield>
    <subfield code="9">96220</subfield>
    <subfield code="a">LBC</subfield>
    <subfield code="b">LBC</subfield>
    <subfield code="c">C336</subfield>
    <subfield code="d">2023-10-24</subfield>
    <subfield code="o">MRC THE 2013 C336 Or.</subfield>
    <subfield code="p">a73349</subfield>
    <subfield code="r">2023-10-24</subfield>
    <subfield code="y">AEDBB</subfield>
  </datafield>
  <datafield tag="952" ind1=" " ind2=" ">
    <subfield code="0">0</subfield>
    <subfield code="1">0</subfield>
    <subfield code="4">0</subfield>
    <subfield code="6">MRC_THE_2013_000000000000000_C336_OR</subfield>
    <subfield code="7">0</subfield>
    <subfield code="9">96322</subfield>
    <subfield code="a">LBC</subfield>
    <subfield code="b">LBC</subfield>
    <subfield code="c">C336</subfield>
    <subfield code="d">2023-11-03</subfield>
    <subfield code="o">MRC THE 2013 C336 Or.</subfield>
    <subfield code="p">a72903</subfield>
    <subfield code="r">2023-11-03</subfield>
    <subfield code="w">2023-11-03</subfield>
    <subfield code="y">AEDBB</subfield>
  </datafield>
  <datafield tag="952" ind1=" " ind2=" ">
    <subfield code="0">0</subfield>
    <subfield code="1">0</subfield>
    <subfield code="4">0</subfield>
    <subfield code="6">MRC_THE_2013_000000000000000_C336_OR</subfield>
    <subfield code="7">0</subfield>
    <subfield code="9">96323</subfield>
    <subfield code="a">LBC</subfield>
    <subfield code="b">LBC</subfield>
    <subfield code="c">C336</subfield>
    <subfield code="d">2023-11-03</subfield>
    <subfield code="o">MRC THE 2013 C336 Or.</subfield>
    <subfield code="p">a73279</subfield>
    <subfield code="r">2023-11-03</subfield>
    <subfield code="y">AEDBB</subfield>
  </datafield>
  <datafield tag="952" ind1=" " ind2=" ">
    <subfield code="0">0</subfield>
    <subfield code="1">0</subfield>
    <subfield code="4">0</subfield>
    <subfield code="6">MRC_THE_2013_000000000000000_C336_OR</subfield>
    <subfield code="7">0</subfield>
    <subfield code="9">96324</subfield>
    <subfield code="a">LBC</subfield>
    <subfield code="b">LBC</subfield>
    <subfield code="c">C336</subfield>
    <subfield code="d">2023-11-03</subfield>
    <subfield code="o">MRC THE 2013 C336 Or.</subfield>
    <subfield code="p">a72913</subfield>
    <subfield code="r">2023-11-03</subfield>
    <subfield code="y">AEDBB</subfield>
  </datafield>
  <datafield tag="952" ind1=" " ind2=" ">
    <subfield code="0">0</subfield>
    <subfield code="1">0</subfield>
    <subfield code="4">0</subfield>
    <subfield code="6">MRC_THE_2013_000000000000000_C336_OR</subfield>
    <subfield code="7">0</subfield>
    <subfield code="9">96325</subfield>
    <subfield code="a">LBC</subfield>
    <subfield code="b">LBC</subfield>
    <subfield code="c">C336</subfield>
    <subfield code="d">2023-11-03</subfield>
    <subfield code="o">MRC THE 2013 C336 Or.</subfield>
    <subfield code="p">a72986</subfield>
    <subfield code="r">2023-11-03</subfield>
    <subfield code="y">AEDBB</subfield>
  </datafield>
  <datafield tag="952" ind1=" " ind2=" ">
    <subfield code="0">0</subfield>
    <subfield code="1">0</subfield>
    <subfield code="4">0</subfield>
    <subfield code="6">MRC_THE_2013_000000000000000_C336_OR</subfield>
    <subfield code="7">0</subfield>
    <subfield code="9">96326</subfield>
    <subfield code="a">LBC</subfield>
    <subfield code="b">LBC</subfield>
    <subfield code="c">C336</subfield>
    <subfield code="d">2023-11-03</subfield>
    <subfield code="o">MRC THE 2013 C336 Or.</subfield>
    <subfield code="p">a73244</subfield>
    <subfield code="r">2023-11-03</subfield>
    <subfield code="y">AEDBB</subfield>
  </datafield>
  <datafield tag="952" ind1=" " ind2=" ">
    <subfield code="0">0</subfield>
    <subfield code="1">0</subfield>
    <subfield code="4">0</subfield>
    <subfield code="6">MRC_THE_2013_000000000000000_C336_OR</subfield>
    <subfield code="7">0</subfield>
    <subfield code="9">96327</subfield>
    <subfield code="a">LBC</subfield>
    <subfield code="b">LBC</subfield>
    <subfield code="c">C336</subfield>
    <subfield code="d">2023-11-03</subfield>
    <subfield code="o">MRC THE 2013 C336 Or.</subfield>
    <subfield code="p">a72991</subfield>
    <subfield code="r">2023-11-03</subfield>
    <subfield code="y">AEDBB</subfield>
  </datafield>
  <datafield tag="952" ind1=" " ind2=" ">
    <subfield code="0">0</subfield>
    <subfield code="1">0</subfield>
    <subfield code="4">0</subfield>
    <subfield code="6">MRC_THE_2013_000000000000000_C336_OR</subfield>
    <subfield code="7">0</subfield>
    <subfield code="9">96328</subfield>
    <subfield code="a">LBC</subfield>
    <subfield code="b">LBC</subfield>
    <subfield code="c">C336</subfield>
    <subfield code="d">2023-11-03</subfield>
    <subfield code="o">MRC THE 2013 C336 Or.</subfield>
    <subfield code="p">a72996</subfield>
    <subfield code="r">2023-11-03</subfield>
    <subfield code="y">AEDBB</subfield>
  </datafield>
  <datafield tag="952" ind1=" " ind2=" ">
    <subfield code="0">0</subfield>
    <subfield code="1">0</subfield>
    <subfield code="4">0</subfield>
    <subfield code="6">MRC_THE_2013_000000000000000_C336_OR</subfield>
    <subfield code="7">0</subfield>
    <subfield code="9">96329</subfield>
    <subfield code="a">LBC</subfield>
    <subfield code="b">LBC</subfield>
    <subfield code="c">C336</subfield>
    <subfield code="d">2023-11-03</subfield>
    <subfield code="o">MRC THE 2013 C336 Or.</subfield>
    <subfield code="p">a073788</subfield>
    <subfield code="r">2023-11-03</subfield>
    <subfield code="y">AEDBB</subfield>
  </datafield>
  <datafield tag="952" ind1=" " ind2=" ">
    <subfield code="0">0</subfield>
    <subfield code="1">0</subfield>
    <subfield code="4">0</subfield>
    <subfield code="6">MRC_THE_2013_000000000000000_C336_OR</subfield>
    <subfield code="7">0</subfield>
    <subfield code="9">96330</subfield>
    <subfield code="a">LBC</subfield>
    <subfield code="b">LBC</subfield>
    <subfield code="c">C336</subfield>
    <subfield code="d">2023-11-03</subfield>
    <subfield code="o">MRC THE 2013 C336 Or.</subfield>
    <subfield code="p">a73149</subfield>
    <subfield code="r">2023-11-03</subfield>
    <subfield code="y">AEDBB</subfield>
  </datafield>
</record>
